|
|
|
|
| LEADER |
00000nab a2200000 a 4500 |
| 001 |
vtls010119481 |
| 003 |
SK-MaSNL |
| 005 |
20260426103844.0 |
| 008 |
250507c2010 xo qr|p|||n |000 b|slo |
| 015 |
|
|
|a SNBRB2010/1-2
|
| 035 |
|
|
|a (uuid)50e267b0-532b-42d3-a3fc-7a2243c03f0a
|
| 035 |
|
|
|a urn:nbn:sk:snk-ab1hgp
|
| 035 |
|
|
|a (urnnbn)urn:nbn:sk:snk:ar-003toh
|
| 038 |
|
|
|a SPK
|
| 040 |
|
|
|a SNKBUCL
|b slo
|c SNKBUCL
|e AACR2
|
| 041 |
0 |
|
|a slo
|
| 044 |
|
|
|a xo
|c SK
|
| 072 |
|
7 |
|a 378
|x Vysoké školy
|2 konspekt
|
| 072 |
|
7 |
|a 93/94
|x Dejiny (všeobecne)
|2 konspekt
|
| 080 |
|
|
|a 378:93
|2 2001
|
| 080 |
|
|
|a 93
|2 2001
|
| 100 |
1 |
|
|a Chuguryan, Simona,
|d 1977-
|4 aut
|9 217943
|
| 245 |
1 |
0 |
|a Vývoj vysokého školstva
|c Simona Chuguryan
|
| 504 |
|
|
|a Bibliogr. odkazy
|
| 650 |
0 |
7 |
|a vysoké školy
|2 snkbucl
|9 1277
|
| 650 |
0 |
7 |
|a dejiny
|2 snkbucl
|9 3825
|
| 651 |
|
7 |
|a Slovensko
|2 snkbucl
|9 14231
|
| 773 |
0 |
|
|t Academia
|g Roč. XXI., č. 1-2 (2010), s. 21-35
|x 1335-5864
|
| 850 |
|
|
|a Slovenská národná knižnica
|
| 852 |
|
|
|a Slovenská národná knižnica
|
| 954 |
|
|
|a odborná, vedecká literatúra pôvodná (slovenská)
|2 lita
|
| 958 |
|
|
|a article
|
| 958 |
|
|
|a OND
|
| 958 |
|
|
|a NB
|
| 999 |
|
|
|c 3299321
|d 3301251
|